<?xml version="1.0" encoding="UTF-8"?><?xml-stylesheet type="text/xsl" href="static/style.xsl"?><OAI-PMH xmlns="http://www.openarchives.org/OAI/2.0/" xmlns:xsi="http://www.w3.org/2001/XMLSchema-instance" xsi:schemaLocation="http://www.openarchives.org/OAI/2.0/ http://www.openarchives.org/OAI/2.0/OAI-PMH.xsd"><responseDate>2026-04-17T07:55:02Z</responseDate><request verb="GetRecord" identifier="oai:www.recercat.cat:2117/397594" metadataPrefix="marc">https://recercat.cat/oai/request</request><GetRecord><record><header><identifier>oai:recercat.cat:2117/397594</identifier><datestamp>2026-01-31T00:36:10Z</datestamp><setSpec>com_2072_1033</setSpec><setSpec>col_2072_452949</setSpec></header><metadata><record xmlns="http://www.loc.gov/MARC21/slim" xmlns:dcterms="http://purl.org/dc/terms/" xmlns:xsi="http://www.w3.org/2001/XMLSchema-instance" xmlns:doc="http://www.lyncode.com/xoai" xsi:schemaLocation="http://www.loc.gov/MARC21/slim http://www.loc.gov/standards/marcxml/schema/MARC21slim.xsd">
   <leader>00925njm 22002777a 4500</leader>
   <datafield ind2=" " ind1=" " tag="042">
      <subfield code="a">dc</subfield>
   </datafield>
   <datafield ind2=" " ind1=" " tag="720">
      <subfield code="a">Vilasís-Pamos, Júlia</subfield>
      <subfield code="e">author</subfield>
   </datafield>
   <datafield ind2=" " ind1=" " tag="260">
      <subfield code="c">2023-10-07</subfield>
   </datafield>
   <datafield ind2=" " ind1=" " tag="520">
      <subfield code="a">El presente estudio analiza el papel que juega la clase social en el conocimiento, la percepción y el consumo de videojuegos indie en el colectivo adolescente. Concretamente, la investigación se ha llevado a cabo con adolescentes de entre 14 y 15 años escolarizados en las ciudades de Barcelona y Vic (España). El planteamiento metodológico cualitativa ha incluido dos cuestionarios cualitativos, respondidos por los y las adolescentes (N=150) y sus familias respectivas (N=50); ocho grupos de discusión con adolescentes (N=48) y dieciséis entrevistas (ocho entrevistas virtuales semiestructurades y ocho entrevistas jugando online) (N=16). Los resultados del estudio evidencian que la clase social juega un papel determinante en el conocimiento, la percepción y el consumo de videojuegos indie entre el colectivo adolescente, demostrando que las prácticas de consumo y las percepciones alrededor del medio parecen estar estrechamente ligadas a la posesión de capital cultural y, por lo tanto, a sus disposiciones de gusto.</subfield>
   </datafield>
   <datafield ind2=" " ind1=" " tag="520">
      <subfield code="a">This study analyzes the role played by social class in the knowledge, perception, and consumption of indie video games among adolescents. Specifically, the research has been conducted with adolescents between 14 and 15 years old in Barcelona and Vic (Spain). The qualitative methodological approach included two qualitative questionnaires, answered by the adolescents (N=150) and their respective families (N=50); eight focus groups with adolescents (N=48); and sixteen interviews (eight semi-structured virtual interviews and eight interviews playing online) (N=16). The results of the study show that social class plays a determining role in the knowledge, perception, and consumption of indie video games among adolescents, demonstrating that consumption practices and perceptions of the medium seem to be closely linked to the possession of cultural capital and, therefore, to their taste dispositions.</subfield>
   </datafield>
   <datafield tag="653" ind2=" " ind1=" ">
      <subfield code="a">Àrees temàtiques de la UPC::So, imatge i multimèdia::Creació multimèdia::Disseny de videojocs</subfield>
   </datafield>
   <datafield tag="653" ind2=" " ind1=" ">
      <subfield code="a">Video games</subfield>
   </datafield>
   <datafield tag="653" ind2=" " ind1=" ">
      <subfield code="a">Social classes</subfield>
   </datafield>
   <datafield tag="653" ind2=" " ind1=" ">
      <subfield code="a">Video games and teenagers</subfield>
   </datafield>
   <datafield tag="653" ind2=" " ind1=" ">
      <subfield code="a">Videojuegos indie</subfield>
   </datafield>
   <datafield tag="653" ind2=" " ind1=" ">
      <subfield code="a">Clase social</subfield>
   </datafield>
   <datafield tag="653" ind2=" " ind1=" ">
      <subfield code="a">Cultura videolúdica</subfield>
   </datafield>
   <datafield tag="653" ind2=" " ind1=" ">
      <subfield code="a">Adolescentes</subfield>
   </datafield>
   <datafield tag="653" ind2=" " ind1=" ">
      <subfield code="a">Videojocs</subfield>
   </datafield>
   <datafield tag="653" ind2=" " ind1=" ">
      <subfield code="a">Classes socials</subfield>
   </datafield>
   <datafield tag="653" ind2=" " ind1=" ">
      <subfield code="a">Videojocs i adolescents</subfield>
   </datafield>
   <datafield ind2="0" ind1="0" tag="245">
      <subfield code="a">Prácticas de consumo y percepción alrededor del videojuego indie: un análisis de clase social sobre las disposiciones de gusto del colectivo adolescente</subfield>
   </datafield>
</record></metadata></record></GetRecord></OAI-PMH>